Unfolding beauty : the art of the fan

Bibliographic Details
Main Author: Bennett, Anna Gray
Format: Book
Published: London : Thames and Hudson , 1988
Subjects:

MARC

LEADER 00000cam a2200000 7i4500
001 0000058859
005 20160114.0
008 160114
020 |a 978-0500235201 
090 0 0 |a 391.44   |b BEN 
100 0 |a Bennett, Anna Gray 
245 1 0 |a Unfolding beauty :   |b the art of the fan   |c Anna Gray Bennet 
260 |a London :   |b Thames and Hudson ,   |c 1988 
300 |a 64270pg 
500 |a Includes index, bibliography 
650 0 |a Fans--History 
999 |a 0000324479   |b Book   |c Adult Collection   |e Cawangan Muar